000 00755cam a2200265 a 4500
001 000009605
005 20200929161635.0
008 970729s1997 sp 000 j spa d
010 _a97177221
020 _a8420482455
035 _a(DLC) 97177221
035 _a(SpBaP)pu 970007102
040 _aDO-SdBNP
_bspa
_cLC
_dBNPHU
082 _a863.6
_bV632m
100 1 _aVicent, Manuel,
_d1936-
_913048
245 1 4 _aLos mejores relatos /
_cManuel Vicent ; prólogo de Juan Cueto.
260 _aMadrid :
_bAlfaguara,
_cc1997.
300 _a340 p. ;
_c25 cm.
650 4 _aCuentos españoles
_93194
650 4 _aLiteratura española
_9632
700 1 _aCueto, Juan,
_epról.
_924454
910 _aCatalogación derivada
910 _aWM
049 _aBNGR
999 _c9365
_d9365